| 000 | 00584nam a22001937a 4500 | ||
|---|---|---|---|
| 005 | 20170822144720.0 | ||
| 010 | _aENG-119972 | ||
| 020 |
_c40.00 _a8185990328 |
||
| 035 | _aEN-103504 | ||
| 037 | _bDBAD/PUB | ||
| 082 | _a261.24 | ||
| 100 | _aSwarup, Ram | ||
| 245 |
_aPop john paul II on eastern religions and youg : _cby Ram Swarup _ba hindu-buddist rejoinder / |
||
| 260 |
_aNew Delhi _bVoice of India _c1995 |
||
| 270 |
_a2/18, Ansari Road, _bNew Delhi _e110001 |
||
| 300 |
_a71p _c22cm (pbk) |
||
| 500 | _aInclude index | ||
| 942 |
_2ddc _cEN _h216.24 _mSWA |
||
| 999 |
_c143651 _d143651 |
||